Normal view
MARC view
- Faidley Warren
Entry Personal Name
001 - CONTROL NUMBER
- control field: 67900
003 - CONTROL NUMBER IDENTIFIER
- control field: OSt
005 - DATE AND TIME OF LATEST TRANSACTION
- control field: 20260515074314.0
008 - FIXED-LENGTH DATA ELEMENTS
- fixed length control field: 260515|| aca||aabn | a|a d
040 ## - CATALOGING SOURCE
- Original cataloging agency: OSt
- Transcribing agency: OSt
100 ## - HEADING--PERSONAL NAME
- Personal name: Faidley Warren
670 ## - SOURCE DATA FOUND
- Source citation: Work cat.: (OSt)40273: Kramer, Stephen 67896, Lightning / , c2001.